[Event "Titled Tuesday intern op 02nd Apr Late"]
[Site "Chess.com INT"]
[Date "2024.04.02"]
[Round "1"]
[White "Hristodoulou, Panagiotis"]
[Black "Rushbrooke, Remy"]
[Result "1-0"]
[WhiteElo "2376"]
[BlackElo "2087"]
[PlyCount "129"]
[EventDate "2024.04.02"]
[EventType "swiss (blitz)"]
[EventRounds "11"]
[EventCountry "USA"]
[SourceTitle "CB15_2024"]
[SourceDate "2024.04.10"]
[SourceVersion "1"]
[SourceVersionDate "2024.04.10"]
[SourceQuality "1"]

1. e4 g6 2. d4 Bg7 3. Nc3 d6 4. Be3 a6 5. Qd2 b5 6. h4 h6 7. 0-0-0 Bb7 8. Bd3 Nd7 9. f4 h5 10. Nf3 Ngf6 11. Ng5 0-0 12. e5 dxe5 13. fxe5 Ng4 14. e6 Nxe3 15. Qxe3 c5 16. dxc5 Ne5 17. exf7+ Kh8 18. Bxg6 Qc8 19. Qe2 Qg4 20. Bxh5 Qxe2 21. Bxe2 Nxf7 22. Ne6 Rg8 23. Nxg7 Rxg7 24. Bf3 Bxf3 25. gxf3 Ne5 26. f4 Nc4 27. b3 Ne3 28. Rde1 Nf5 29. Ne4 Rc8 30. Ng5 Rxc5 31. Ne6 Rc3 32. Nxg7 Kxg7 33. Kb2 b4 34. Re4 a5 35. Rg1+ Kf6 36. h5 e6 37. Rg6+ Kf7 38. Rgxe6 Nd4 39. Rxd4 Kxe6 40. Re4+ Kf5 41. Re5+ Kxf4 42. Rxa5 Rh3 43. Rb5 Ke3 44. Rxb4 Rxh5 45. a4 Ra5 46. Rb5 Ra8 47. c4 Kd4 48. Rd5+ Ke4 49. Kc3 Rh8 50. a5 Ra8 51. Kb4 Rb8+ 52. Rb5 Ra8 53. Rb6 Ra7 54. c5 Kd4 55. Rd6+ Ke4 56. Kb5 Rb7+ 57. Rb6 Rc7 58. b4 Kd4 59. Rd6+ Ke5 60. a6 Rc8 61. Rb6 Kd5 62. Rb7 Ke6 63. c6 Ra8 64. Kb6 Kd6 65. b5 1-0

[Event "Titled Tuesday intern op 02nd Apr Late"]
[Site "Chess.com INT"]
[Date "2024.04.02"]
[Round "6"]
[White "Rosenberg, Evan"]
[Black "Rushbrooke, Remy"]
[Result "0-1"]
[WhiteElo "1989"]
[BlackElo "2087"]
[PlyCount "32"]
[EventDate "2024.04.02"]
[EventType "swiss (blitz)"]
[EventRounds "11"]
[EventCountry "USA"]
[SourceTitle "CB15_2024"]
[SourceDate "2024.04.10"]
[SourceVersion "1"]
[SourceVersionDate "2024.04.10"]
[SourceQuality "1"]

1. d4 g6 2. e4 Bg7 3. Nf3 d6 4. Nc3 a6 5. Bd3 b5 6. Qe2 Bb7 7. e5 dxe5 8. dxe5 e6 9. 0-0 c5 10. Bg5 Qc7 11. Bxb5+ axb5 12. Nxb5 Qc6 13. Nd6+ Kf8 14. Qe3 Nd7 15. Qf4 Nxe5 16. Nxe5 Qxg2# 0-1

[Event "Titled Tuesday intern op 02nd Apr Late"]
[Site "Chess.com INT"]
[Date "2024.04.02"]
[Round "11"]
[White "Rushbrooke, Remy"]
[Black "Marchesich, Giovanni"]
[Result "1-0"]
[WhiteElo "2087"]
[BlackElo "2226"]
[PlyCount "67"]
[EventDate "2024.04.02"]
[EventType "swiss (blitz)"]
[EventRounds "11"]
[EventCountry "USA"]
[SourceTitle "CB15_2024"]
[SourceDate "2024.04.10"]
[SourceVersion "1"]
[SourceVersionDate "2024.04.10"]
[SourceQuality "1"]

1. Nf3 f6 2. d4 g6 3. g3 Nh6 4. Bg2 Nf7 5. c4 Bg7 6. Nc3 0-0 7. 0-0 d6 8. d5 e5 9. dxe6 Bxe6 10. b3 Nc6 11. Bb2 f5 12. Qd2 Qd7 13. Nd5 Bxd5 14. cxd5 Nce5 15. Nd4 Rfe8 16. Rac1 c5 17. dxc6 bxc6 18. Nxc6 Rac8 19. Nxe5 Nxe5 20. Bd5+ Kh8 21. Rxc8 Rxc8 22. Rc1 h5 23. Rxc8+ Qxc8 24. Qc1 Qa6 25. Qc7 Qxe2 26. Qd8+ Kh7 27. Qg8+ Kh6 28. Bc1+ g5 29. Bxg5+ Kg6 30. h4 Qxa2 31. Qe6+ Kh7 32. Qxf5+ Ng6 33. Be4 Qa1+ 34. Kg2 1-0

[Event "Titled Tuesday intern op 12th Mar Early"]
[Site "Chess.com INT"]
[Date "2024.03.12"]
[Round "5"]
[White "Rushbrooke, Remy"]
[Black "Gavrilov, Maxim"]
[Result "0-1"]
[WhiteElo "2085"]
[BlackElo "2167"]
[PlyCount "60"]
[EventDate "2024.03.12"]
[EventType "swiss (blitz)"]
[EventRounds "11"]
[EventCountry "USA"]
[SourceTitle "CB12_2024"]
[SourceDate "2023.10.01"]
[SourceVersion "1"]
[SourceVersionDate "2023.10.01"]
[SourceQuality "1"]

1. Nf3 d5 2. g3 Bg4 3. Bg2 Nd7 4. d4 Ngf6 5. c4 e6 6. cxd5 exd5 7. Nc3 c6 8. Qb3 Qb6 9. Qxb6 axb6 10. Ne5 Bf5 11. Bf4 h6 12. 0-0 g5 13. Be3 Bd6 14. f4 g4 15. a3 h5 16. Rac1 Ne4 17. Nxe4 Bxe4 18. Bxe4 dxe4 19. d5 c5 20. Nc4 Ke7 21. f5 f6 22. Bf4 Ne5 23. Bxe5 Bxe5 24. Nxe5 fxe5 25. Rc4 Kd6 26. a4 Rhf8 27. b3 Kxd5 28. e3 Rf6 29. Rd1+ Kc6 30. Rxe4 Rxf5 0-1

[Event "Varsity Oxbridge m 142nd"]
[Site "London"]
[Date "2024.03.02"]
[Round "1.6"]
[White "Rushbrooke, Remy"]
[Black "Miller, Dominic"]
[Result "1/2-1/2"]
[WhiteElo "2085"]
[BlackElo "2086"]
[PlyCount "84"]
[EventDate "2024.03.02"]
[EventType "team-match"]
[EventRounds "1"]
[EventCountry "ENG"]
[SourceTitle "CB10_2024"]
[SourceDate "2024.03.06"]
[SourceVersion "1"]
[SourceVersionDate "2024.03.06"]
[SourceQuality "1"]
[WhiteTeam "Cambridge"]
[BlackTeam "Oxford"]
[WhiteTeamCountry "ENG"]
[BlackTeamCountry "ENG"]

1. Nf3 Nf6 2. g3 g6 3. Bg2 Bg7 4. 0-0 0-0 5. b3 d5 6. Bb2 c5 7. d4 cxd4 8. Nbd2 Re8 9. Bxd4 Nc6 10. Bb2 e5 11. e3 h6 12. c4 e4 13. Nd4 Ne5 14. cxd5 Nd3 15. Nxe4 Nxb2 16. Nxf6+ Bxf6 17. Qc2 Bxd4 18. exd4 Bf5 19. Qxb2 Be4 20. Bxe4 Rxe4 21. Qd2 Qxd5 22. Qxh6 Rxd4 23. Rac1 Rd8 24. Qe3 a5 25. Rc7 b5 26. Re7 a4 27. Re5 Qc6 28. Re1 Rd1 29. Qf4 Qc2 30. Rxd1 Qxd1+ 31. Kg2 axb3 32. axb3 Qxb3 33. Qg5 Qd3 34. h4 Rf8 35. Qf4 Qc4 36. Qf6 Rc8 37. Kh2 Qc6 38. Qf4 Re8 39. Rxe8+ Qxe8 40. h5 gxh5 41. Qg5+ Kf8 42. Qxh5 Qc6 1/2-1/2

[Event "Titled Tuesday intern op 13th Feb Early"]
[Site "Chess.com INT"]
[Date "2024.02.13"]
[Round "1"]
[White "Rushbrooke, Remy"]
[Black "Kokoszczynski, Jan"]
[Result "0-1"]
[WhiteElo "2049"]
[BlackElo "2272"]
[PlyCount "88"]
[EventDate "2024.02.13"]
[EventType "swiss (blitz)"]
[EventRounds "11"]
[EventCountry "USA"]
[SourceTitle "CB08_2024"]
[SourceDate "2024.02.21"]
[SourceVersion "1"]
[SourceVersionDate "2024.02.21"]
[SourceQuality "1"]

1. Nf3 Nf6 2. g3 d5 3. Bg2 c6 4. c4 g6 5. cxd5 cxd5 6. d4 Bg7 7. Nc3 0-0 8. 0-0 Ne4 9. Ne5 Nxc3 10. bxc3 Nc6 11. Nxc6 bxc6 12. Bf4 Qa5 13. Qd2 Bf5 14. Rfe1 Rac8 15. Rac1 Rfd8 16. e4 dxe4 17. Bxe4 Bxe4 18. Rxe4 e6 19. Bg5 Rd7 20. Bh6 Bh8 21. Qe3 Re8 22. c4 Qxa2 23. d5 cxd5 24. cxd5 Qxd5 25. Rec4 Bd4 26. Qf4 Bg7 27. Rc8 Rdd8 28. R8c7 e5 29. Qg5 Bxh6 30. Qxh6 e4 31. R1c3 a5 32. Qf4 Rd7 33. R7c5 Qe6 34. Rxa5 Qh3 35. Rc1 Rde7 36. Ra3 Qd7 37. Re3 h5 38. Rce1 Qd5 39. h4 Kg7 40. Kg2 Re6 41. Kg1 Qc6 42. Kg2 Qd5 43. R1e2 R8e7 44. Qd6 Qxd6 0-1

[Event "ENG-ch Schools Final"]
[Site "Staffordshire"]
[Date "2022.06.30"]
[Round "2.1"]
[White "Minko, Dmitry"]
[Black "Rushbrooke, Remy"]
[Result "1/2-1/2"]
[WhiteElo "2330"]
[BlackElo "1912"]
[PlyCount "46"]
[EventDate "2022.06.30"]
[EventType "swiss"]
[EventRounds "5"]
[EventCountry "ENG"]
[SourceTitle "EXT 2023"]
[Source "ChessBase"]
[SourceDate "2022.10.05"]
[SourceVersion "1"]
[SourceVersionDate "2022.10.05"]
[SourceQuality "1"]

1. e4 e5 2. Nf3 Nf6 3. Nc3 Nc6 4. d4 Bb4 5. Nxe5 Qe7 6. Nxc6 Qxe4+ 7. Qe2 dxc6 8. Bd2 Qxe2+ 9. Bxe2 Bf5 10. 0-0-0 0-0-0 11. Bg5 Rhe8 12. Bd3 Bxd3 13. Rxd3 Rd6 14. a3 Bxc3 15. bxc3 Re2 16. Be3 Ng4 17. Rd2 Rxd2 18. Kxd2 Ne5 19. Bf4 Nc4+ 20. Kd3 Nb2+ 21. Kd2 Nc4+ 22. Kd3 Nb2+ 23. Kd2 Nc4+ 1/2-1/2

[Event "London Chess Classic: Blitz B"]
[Site "London"]
[Date "2019.12.08"]
[Round "5"]
[White "Howell, David"]
[Black "Rushbrooke, Remy"]
[Result "1-0"]
[WhiteElo "2650"]
[BlackElo "1877"]
[PlyCount "57"]
[EventDate "2019.12.08"]
[EventType "swiss (blitz)"]
[EventRounds "11"]
[EventCountry "ENG"]
[SourceTitle "EXT 2021"]
[Source "ChessBase"]
[SourceDate "2020.10.23"]
[SourceVersion "1"]
[SourceVersionDate "2020.10.23"]
[SourceQuality "1"]

1. b3 e5 2. Bb2 d6 3. g3 Nc6 4. Bg2 g6 5. c4 Bg7 6. e3 f5 7. Ne2 Nf6 8. Nbc3 0-0 9. d3 Nh5 10. Qd2 f4 11. gxf4 exf4 12. Bd5+ Kh8 13. 0-0-0 Ne5 14. Kb1 c6 15. Be4 Ng4 16. Nxf4 Nxf4 17. exf4 Qb6 18. Rdf1 Be6 19. h4 Nf6 20. Ne2 Nxe4 21. dxe4 Qc7 22. Nd4 Bg8 23. h5 c5 24. Nb5 Qe7 25. f3 Bxb2 26. Qxb2+ Qg7 27. hxg6 Qxb2+ 28. Kxb2 Rxf4 29. Rfg1 1-0

[Event "London Chess Classic: Blitz B"]
[Site "London"]
[Date "2019.12.08"]
[Round "10"]
[White "Rushbrooke, Remy"]
[Black "Iyengar, Ilya"]
[Result "1/2-1/2"]
[WhiteElo "1877"]
[BlackElo "1984"]
[PlyCount "110"]
[EventDate "2019.12.08"]
[EventType "swiss (blitz)"]
[EventRounds "11"]
[EventCountry "ENG"]
[SourceTitle "EXT 2021"]
[Source "ChessBase"]
[SourceDate "2020.10.23"]
[SourceVersion "1"]
[SourceVersionDate "2020.10.23"]
[SourceQuality "1"]

1. d4 Nf6 2. Nc3 d5 3. Bg5 Nbd7 4. e3 h6 5. Bh4 e6 6. a3 a6 7. f4 c5 8. Nf3 Qb6 9. Ne5 Be7 10. Be2 0-0 11. 0-0 Re8 12. Kh1 Nf8 13. Bf2 cxd4 14. exd4 Bd7 15. b3 Rac8 16. Qd2 Qc7 17. Be1 b5 18. Bd3 b4 19. Ne2 bxa3 20. Bxa6 Ra8 21. Bd3 Qb7 22. Ng3 Rec8 23. f5 exf5 24. Nxf5 Bxf5 25. Bxf5 Rc7 26. Rf3 Ne6 27. Bxe6 fxe6 28. Rg3 Kh7 29. Qe2 Ne4 30. Rd3 Bf6 31. Qg4 Bxe5 32. dxe5 Re7 33. c4 a2 34. cxd5 exd5 35. Bh4 Rxe5 36. Bg3 Rg5 37. Qe6 Nxg3+ 38. hxg3 Qa7 39. Rxd5 Rxd5 40. Qxd5 Rb8 41. Qd3+ Kh8 42. Qc2 Ra8 43. Qd3 Qa3 44. Qc2 Ra5 45. g4 Ra8 46. g3 Qa7 47. Kh2 Qa3 48. Kh3 Qa7 49. Kh2 Qa5 50. Kh3 Ra7 51. Rf1 Ra8 52. Ra1 Qa7 53. Kh2 Qa3 54. Kh3 Qa7 55. Kh2 Qa3 1/2-1/2

[Event "GBR-ch Major 106th"]
[Site "Torquay"]
[Date "2019.07.29"]
[Round "3"]
[White "Lim, Mark"]
[Black "Rushbrooke, Remy"]
[Result "0-1"]
[WhiteElo "1822"]
[BlackElo "1963"]
[PlyCount "74"]
[EventDate "2019.07.27"]
[EventType "swiss"]
[EventRounds "9"]
[EventCountry "ENG"]
[SourceTitle "EXT 2020"]
[Source "ChessBase"]
[SourceDate "2019.10.17"]
[SourceVersion "1"]
[SourceVersionDate "2019.10.17"]
[SourceQuality "1"]

1. Nf3 f5 2. c4 Nf6 3. e3 g6 4. b4 Bg7 5. Bb2 0-0 6. Be2 d6 7. d4 c6 8. 0-0 Qe8 9. Qb3 h6 10. Nc3 g5 11. d5 e5 12. dxe6 Bxe6 13. Nd4 Bc8 14. Rfd1 Ng4 15. Rd3 Ne5 16. Rd2 g4 17. Rad1 Qg6 18. Bf1 Nf3+ 19. gxf3 gxf3+ 20. Kh1 Qh5 21. c5+ Kh8 22. cxd6 Be5 23. Nxf3 Qxf3+ 24. Bg2 Qh5 25. f4 Bf6 26. Na4 Nd7 27. Nc5 Nxc5 28. bxc5 Bd7 29. Qxb7 Bxb2 30. Qxb2+ Kh7 31. Qb7 Rad8 32. Bxc6 Rf7 33. Bxd7 Rdxd7 34. Qd5 Rg7 35. c6 Rxd6 36. Qxf5+ Qxf5 37. Rxd6 Qe4# 0-1

[Event "GBR-ch Major 106th"]
[Site "Torquay"]
[Date "2019.07.27"]
[Round "1"]
[White "Gray, Edward"]
[Black "Rushbrooke, Remy"]
[Result "0-1"]
[WhiteElo "1757"]
[BlackElo "1963"]
[PlyCount "60"]
[EventDate "2019.07.27"]
[EventType "swiss"]
[EventRounds "9"]
[EventCountry "ENG"]
[SourceTitle "EXT 2020"]
[Source "ChessBase"]
[SourceDate "2019.10.17"]
[SourceVersion "1"]
[SourceVersionDate "2019.10.17"]
[SourceQuality "1"]

1. e4 e5 2. Nf3 Nf6 3. Nxe5 d6 4. Nf3 Nxe4 5. Bd3 Nf6 6. 0-0 Be7 7. c3 0-0 8. Bc2 d5 9. d4 Bg4 10. h3 Bh5 11. Re1 Nbd7 12. Nbd2 Bd6 13. Nf1 Re8 14. Ne3 c6 15. g4 Bg6 16. Nf5 Bc7 17. N3h4 Ne4 18. Bxe4 dxe4 19. Qc2 e3 20. Nxg6 exf2+ 21. Qxf2 Rxe1+ 22. Qxe1 hxg6 23. Ne3 Nf6 24. Ng2 Qd5 25. Bf4 Re8 26. Qf2 Bxf4 27. Nxf4 Qe4 28. Rf1 g5 29. Nh5 Qd3 30. Nxg7 Re2 0-1